000
00320 a2200109 4500
001
ART_52567
005
20260410161811.0
008
260409a
245
1
0
_a
El concurso del concurso
100
1
_a
Truffat, Edgardo Daniel
773
0
_t
Doctrina Societaria y Concursal
_g
- N° 402 (mayo 2021)
_w
REV4298
999
_c
21423
_d
21423